<?xml version="1.0" encoding="UTF-8"?>
<record
    xmlns:xsi="http://www.w3.org/2001/XMLSchema-instance"
    xsi:schemaLocation="http://www.loc.gov/MARC21/slim http://www.loc.gov/standards/marcxml/schema/MARC21slim.xsd"
    xmlns="http://www.loc.gov/MARC21/slim">

  <leader>00679caa a22001692a 4500</leader>
  <controlfield tag="001">  007245</controlfield>
  <controlfield tag="003">  AR-FADEU</controlfield>
  <controlfield tag="008">  311216n########xxu####################dd</controlfield>
  <datafield tag="092" ind1=" " ind2=" ">
    <subfield code="a">302.24</subfield>
    <subfield code="b">C728com</subfield>
  </datafield>
  <datafield tag="100" ind1=" " ind2=" ">
    <subfield code="a">Milito, Carlos</subfield>
  </datafield>
  <datafield tag="245" ind1=" " ind2=" ">
    <subfield code="a">Pol&#xED;tica sindical y comunicaci&#xF3;n</subfield>
  </datafield>
  <datafield tag="300" ind1=" " ind2=" ">
    <subfield code="a">PP. 101-116</subfield>
  </datafield>
  <datafield tag="500" ind1=" " ind2=" ">
    <subfield code="a">En: La comunicaci&#xF3;n y la pol&#xED;tica desde y en las organizaciones sociales : ponencias. La Plata : Ediciones de periodismo y comunicaci&#xF3;n, 1997</subfield>
  </datafield>
  <datafield tag="700" ind1=" " ind2=" ">
    <subfield code="a">Paula I., Porta</subfield>
  </datafield>
  <datafield tag="942" ind1=" " ind2=" ">
    <subfield code="c">BDGR</subfield>
  </datafield>
  <datafield tag="773" ind1="0" ind2=" ">
    <subfield code="0">13051</subfield>
    <subfield code="9">11834</subfield>
    <subfield code="a"></subfield>
    <subfield code="b"></subfield>
    <subfield code="d">La Plata</subfield>
    <subfield code="o">13281</subfield>
    <subfield code="t">La COMUNICACION y la pol&#xED;tica desde y e las organizaciones sociales : ponencias</subfield>
    <subfield code="w">(  AR-FADEU)  007237</subfield>
    <subfield code="x"></subfield>
    <subfield code="z">95034-105-4</subfield>
  </datafield>
  <datafield tag="999" ind1=" " ind2=" ">
    <subfield code="c">13059</subfield>
    <subfield code="d">13059</subfield>
  </datafield>
</record>
